000 00825nam a2200253Ia 4500
003 OSt
005 20220923215200.0
006 a|||||r|||| 00| 0
007 ta
008 220922b |||||||| |||| 00| 0 hin d
024 _a176,367
037 _cTextual
040 _aARTS
_cARTS
_bhin
041 _2hin
_ahin
082 _aO152,1:g, M4
100 _aमिश्र, शिव शंकर
245 0 _aजनवादी कविता का संदर्भ
246 _aJanavādī kavitā kā sandarbha
260 _aपटना
_b प्रकाशनम प्रकाशन
_c1984
300 _a74 पृ.
_ccm.
650 _aहिन्दी साहित्य
_9156264
942 _hO152,1:g, M4
_cTEXL
_2CC
999 _c329917
_d329917